ბათუმის შოთა რუსთაველის სახელმწიფო უნივერსიტეტის ბიბლიოთეკა

ეპიზოდები ჩემი ცხოვრებიდან (ბიბ.ჩანაწერი № 49748)

000 -LEADER
fixed length control field 00892nam a2200217Ia 4500
001 - CONTROL NUMBER
control field 16683
003 - CONTROL NUMBER IDENTIFIER
control field GE_BSU
008 - FIXED-LENGTH DATA ELEMENTS--GENERAL INFORMATION
fixed length control field 181216s||||||||xx |||||||||||||| ||und||
040 ## - CATALOGING SOURCE
Transcribing agency GE_BSU
080 ## - UNIVERSAL DECIMAL CLASSIFICATION NUMBER
Universal Decimal Classification number 329.150.1(092კუიბიშევი, ვ)
100 ## - MAIN ENTRY--PERSONAL NAME
Personal name კუიბიშევი, ვ.ვ.
245 ## - TITLE STATEMENT
Title ეპიზოდები ჩემი ცხოვრებიდან
245 ## - TITLE STATEMENT
Statement of responsibility, etc. წინასიტყვ. ემ. იაროსლავსკი. პ/მგ.გამოშვ.-ს ვ.ბერაია
260 ## - PUBLICATION, DISTRIBUTION, ETC.
Place of publication, distribution, etc. თბილისი
260 ## - PUBLICATION, DISTRIBUTION, ETC.
Name of publisher, distributor, etc. საბლიტგამი
260 ## - PUBLICATION, DISTRIBUTION, ETC.
Date of publication, distribution, etc. 1940
300 ## - PHYSICAL DESCRIPTION
Extent 123გვ. : პორტრ. და ილ., 1ჩ. ფ. პორტრ. ; 17სმ
653 ## - INDEX TERM--UNCONTROLLED
Uncontrolled term ეპიზოდები ჩემი ცხოვრებიდან
653 ## - INDEX TERM--UNCONTROLLED
Uncontrolled term კუიბიშევი, ვ.ვ
942 ## - ADDED ENTRY ELEMENTS (KOHA)
Koha item type წიგნი
ეგზემპლარები
Withdrawn status Lost status Damaged status Not for loan Date acquired Barcode Date last seen Price effective from Koha item type
        2018-12-17 21349 2018-12-17 2018-12-17 წიგნი